| 000 | 00763cam a2200265 4500 | ||
|---|---|---|---|
| 999 |
_c21604 _d21604 |
||
| 001 | 2767733 | ||
| 003 | BDDh-ASL | ||
| 005 | 20231015030021.0 | ||
| 008 | 700224s1969 enkf b 001 0 eng | ||
| 010 | _a 79441517 | ||
| 015 | _aB69-24461 | ||
| 020 | _a0198281633 | ||
| 040 |
_aDLC _cDLC _dDLC _dBDDh-ASL |
||
| 050 | 0 | 0 |
_aHD926 _b.L3 |
| 082 | 0 | 0 |
_a955.333 _bLAP |
| 100 | 1 |
_aLambton, Ann K. S., _d1912-2008. |
|
| 245 | 1 | 4 |
_aThe Persian land reform, 1962-1966 / _c[by] Ann K. S. Lambton. |
| 260 |
_aOxford : _bClarendon P., _c1969. |
||
| 300 |
_axiii, 386 p. : _bfold plate. _c23 cm. |
||
| 350 | _a84/- | ||
| 504 | _aBibliographical footnotes. | ||
| 650 | 0 |
_aLand reform _zIran. |
|
| 906 |
_a7 _bcbc _corignew _du _encip _f19 _gy-gencatlg |
||
| 942 |
_2ddc _cBK |
||